| 000 | 00893nam a2200253 a 4500 | ||
|---|---|---|---|
| 001 | 000035686 | ||
| 003 | DO-SdBNP | ||
| 005 | 20230302101232.0 | ||
| 007 | ta | ||
| 008 | 111108s2011 dr ac 001 0 spa d | ||
| 040 |
_aDO-SdBNP _bspa _cBNPHU |
||
| 082 |
_a320.97293 _bS211p _222 |
||
| 100 | 1 |
_aSánchez, Norys _961611 |
|
| 245 | 1 | 3 |
_aLa palabra de los sueños : _bentrevistas / _cNorys Sánchez. |
| 260 |
_aSanto Domingo : _bBúho, _c2011. |
||
| 300 |
_a315 p. : _bil., retrs. ; _c23 cm. |
||
| 500 | _aIncluye datos biográficos del autor en la solapa de la contracubierta. | ||
| 590 | _aInventariado, 2018/LP | ||
| 650 | 4 |
_aPolíticos dominicanos _ySIGLO XX _xEntrevistas _961612 |
|
| 650 | 4 |
_aParticipación política _zRepública Dominicana _xEntrevistas _961613 |
|
| 650 | 4 |
_aIntelectuales _ySIGLO XX _xEntrevistas _934813 |
|
| 910 | _aValidado. Control de calidad EMS | ||
| 942 |
_2ddc _cLBS1 |
||
| 999 |
_c35177 _d35177 |
||